000 00293nam a2200121Ia 4500
008 190216s9999||||xx |||||||||||||| ||und||
100 _aAkkitham Achyuthan Namboodiri
245 0 _aNimishakshetram
260 _bNational Book Stall
_c1978
300 _a97p
650 _aKavithkal
942 _cBK
999 _c25373
_d25373